|
|
|
|
| LEADER |
00000nam a2200000 i 4500 |
| 001 |
DIGCOLMX0009 |
| 003 |
NyNyDIG |
| 006 |
m o d |
| 008 |
210606s2020 mx ob 000 0 spa d |
| 007 |
cr ||||||||||| |
| 035 |
|
|
|a (OCoLC)1141671478
|
| 040 |
|
|
|a DGITA
|b eng
|e rda
|e pn
|c DGITA
|
| 020 |
|
|
|a 9786075641645
|q ISBN digital
|
| 020 |
|
|
|a 6075641645
|q ISBN digital
|
| 020 |
|
|
|z 9786076287217
|q impreso
|
| 020 |
|
|
|z 6076287217
|q impreso
|
| 050 |
1 |
4 |
|a HN113 ebook
|
| 082 |
0 |
4 |
|a 306.0972
|
| 245 |
0 |
3 |
|a La historia y lo cotidiano /
|c Pilar Gonzalbo Aizpur, editora.
|
| 250 |
|
|
|a Primera edición digital.
|
| 264 |
|
1 |
|a Ciudad de México, México :
|b El Colegio de México, Centro de Estudios Históricos, Seminario de Historia de la Vida Cotidiana,
|c 2020.
|
| 300 |
|
|
|a 1 online resource
|
| 336 |
|
|
|a text
|b txt
|2 rdacontent
|
| 337 |
|
|
|a computer
|b c
|2 rdamedia
|
| 338 |
|
|
|a online resource
|b cr
|2 rdacarrier
|
| 347 |
|
|
|a text file
|2 rdaft
|
| 347 |
|
|
|b EPUB
|
| 504 |
|
|
|a Includes bibliographical references.
|
| 588 |
0 |
|
|a Online resource; title from ePub title page (Digitalia, viewed June 7, 2021)
|
| 651 |
|
0 |
|a Mexico
|x Social life and customs.
|
| 651 |
|
0 |
|a Mexico
|x History
|x Sources.
|
| 655 |
|
0 |
|a Electronic books.
|
| 700 |
1 |
|
|a Gonzalbo, Pilar,
|d 1935-
|e editor.
|
| 710 |
2 |
|
|a Colegio de México.
|b Seminario de Historia de la Vida Cotidiana,
|e issuing body.
|
| 791 |
2 |
|
|a Digitalia (Firm),
|e distributor.
|
| 793 |
0 |
|
|g Digitalia eBook Collection:
|a El Colegio de México
|
| 776 |
0 |
8 |
|i Print version:
|t Historia y lo cotidiano.
|b Primera edición.
|d Ciudad de México : El Colegio de México, Centro de Estudios Históricos, Seminario de Historia de la Vida Cotidiana,. 2019
|z 9786076287217
|
| 856 |
4 |
0 |
|3 Digitalia Hispánica
|u https://www.digitaliapublishing.com/a/80653/
|
| 910 |
|
|
|a Premium collection: 2021
|